University Home | Library Home | Institutional Repository

Communicative approach to language. (Record no. 168992)

MARC details
000 -LEADER
fixed length control field 00769cam0a220025300 4500
001 - CONTROL NUMBER
control field zam00002115
008 - FIXED-LENGTH DATA ELEMENTS--GENERAL INFORMATION
fixed length control field 951128s1973 xx eng u
035 ## - SYSTEM CONTROL NUMBER
System control number (Sirsi) r19494
035 ## - SYSTEM CONTROL NUMBER
System control number (MACHINE)SLC.
100 ## - MAIN ENTRY--PERSONAL NAME
Personal name Brumfit, J.
Linkage A80385.1
245 10 - TITLE STATEMENT
Title Communicative approach to language.
260 ## - PUBLICATION, DISTRIBUTION, ETC.
Date of publication, distribution, etc. 1973.
591 ## -
-- Class code: ED 323.
591 ## -
-- Course: English teaching methods.
591 ## -
-- School: S03.
591 ## -
-- Lecturer: Mr. TAMBULUKANI, G.
591 ## -
-- Number of Students: 102.
949 ## - LOCAL PROCESSING INFORMATION (OCLC)
a P51
w lcc
i -17392
m MAIN
t BOOK
l ON-SHELF
949 ## - LOCAL PROCESSING INFORMATION (OCLC)
a P51
w lcc
i -17393
m MAIN
t BOOK
l ON-SHELF
949 ## - LOCAL PROCESSING INFORMATION (OCLC)
a P51
w lcc
i -17394
m MAIN
t BOOK
l ON-SHELF
900 ## - EQUIVALENCE OR CROSS-REFERENCE-PERSONAL NAME [LOCAL, CANADA]
-- MAIN
Field link and sequence number P51
-- BRU
Titles and other words associated with a name 3
909 ## -
-- Book

No items available.

© 2026 - The University of Zambia Library - Koha v25.11